Transfer pricing as a consequence of globalisation processes

Globalizácia svetového hospodárstva. Negatívne aspekty globalizácie: korupcia, ktorá pirnáša nízky hospodársky rast, vysokú mieru inflácie, depreciáciu meny, nerovnosť príjmov sprevádzanú chudobou a nízku úroveň daňových príjmov. Medzinárodné daňové plánovanie. Transferové ceny, metódy tvorby transf...

ver descrição completa

Na minha lista:
Detalhes bibliográficos
Autor principal: Hajniková, Tatiana
Formato: Capítulo de Livro
Idioma:inglês
Assuntos:
Tags: Adicionar Tag
Sem tags, seja o primeiro a adicionar uma tag!

MARC

LEADER 00000nla a2200000 4500
001 0238624
005 20240502073848.9
041 0 |a eng 
044 |a SK 
245 1 0 |a Transfer pricing as a consequence of globalisation processes  |c Tatiana Hajníková 
520 |a Globalizácia svetového hospodárstva. Negatívne aspekty globalizácie: korupcia, ktorá pirnáša nízky hospodársky rast, vysokú mieru inflácie, depreciáciu meny, nerovnosť príjmov sprevádzanú chudobou a nízku úroveň daňových príjmov. Medzinárodné daňové plánovanie. Transferové ceny, metódy tvorby transferových cien. 
610 2 0 |a globalizácia 
610 2 0 |a korupcia 
610 2 0 |a podvody daňové 
610 2 0 |a ekonomika tieňová 
610 2 0 |a ceny transferové 
610 2 0 |a globalizácia hospodárstva 
100 1 |a Hajniková, Tatiana